Estadísticas para Formas de Países Prueba #4

Haz click aquí para intentar la prueba.

Estadísticas generales

  • Esta prueba ha sido intentada 5.379 veces
  • La puntuación promedio es 11 de 16

Estadísticas de respuestas

Respuesta% Correcto
Sri Lanka
82%
Senegal
79%
Laos
76%
Venezuela
76%
Dinamarca
75%
Nepal
74%
Benín
71%
Sudán
71%
Kazajistán
70%
Mozambique
68%
Malasia
67%
Taiwán
56%
Nicaragua
55%
Trinidad y Tobago
55%
Costa Rica
49%
Corea del Norte
47%

Distribución de puntuación

Porcentaje por número respondido

Porcentaje de gente con cada puntuación

Historial de tus puntuaciones

No has intentado esta prueba.